| 000 | 00667nam a2200121Ia 4500 | ||
|---|---|---|---|
| 008 | 220615s9999||||xx |||||||||||||| ||und|| | ||
| 100 | _aWei-Chiang Hong (Ed.) | ||
| 245 | 0 | _aHybrid Advanced Optimization Methods with Evolutionary Computation Techniques in Energy Forecasting | |
| 546 | _aEnglish[eng] | ||
| 650 | _ahybrid models||chaotic mapping mechanism||recurrence plot theory||energy forecasting||empirical mode decomposition||evolutionary algorithms||quantum computing mechanism||general regression neural network||optimization methodologies||support vector regression/support vector machines | ||
| 856 | _uhttps://www.mdpi.com/books/pdfview/book/839 | ||
| 942 | _cEB | ||
| 999 |
_c8797 _d8797 |
||